| 000 | 00724nam a22002417a 4500 | ||
|---|---|---|---|
| 005 | 20170123162319.0 | ||
| 010 | _a278825 | ||
| 020 | _c00.00 | ||
| 035 | _a278825 | ||
| 037 | _bCen Lib/Ret | ||
| 040 |
_aDPL _bUR |
||
| 082 |
_a921 _bا ب و |
||
| 100 |
_aابل کلام آزاد _9116025 |
||
| 245 |
_aہماری آزادی / _cابل کلام آزاد |
||
| 246 |
_aHamari azadi / _bby Abul Kalam Azad |
||
| 260 | _bادبی پرنٹنگ پریس | ||
| 300 |
_a206p. _c19cm(Hb) |
||
| 650 |
_aاردو ادب _9116026 |
||
| 650 |
_aاردو سوانے عمری _9116027 |
||
| 650 |
_aUrdu literature _9116028 |
||
| 650 |
_aUrdu biography _9511 |
||
| 942 |
_2ddc _cUR _h921 _mا ب و |
||
| 999 |
_c106917 _d106917 |
||